00629nam a22001932 4500001001100000005001700011008004100028020001700069040001500086100003200101245012200133250001300255260003400268300001700302650003900319700003800358700003600396852000300432000001840020151217152127.0091026s xx 000 0 eng d a0072404296 : aKABUcKABU1 aDunn, Cheryl L.@000017763010aEnterprise information systems :ba patten-based approach /cCheryl L. Dunn, J. Owen Cherrington, Anita S. Hollander. a3rd ed. aBoston :bMcGraw-Hill,c2005. axxi, 522 p. 0aManagerial accounting.@00001514721 aCherrington, J. Owen.@00001776311 aHollander, Anita S.@00001776321